| 000 | 01372nam a22002657a 4500 | ||
|---|---|---|---|
| 003 | Uzh_bibl | ||
| 008 | 260427b |||||||| |||| 00| 0 ukr d | ||
| 020 |
_a966-522-235-Х _c37.85 |
||
| 040 | _bукр. | ||
| 041 |
_2ukr _aukr |
||
| 080 | _a398 | ||
| 090 |
_a398 _bУ 45 |
||
| 100 | _a- | ||
| 245 |
_aУкраїнське Різдво на Мараморощині. _cУпоряд. О. Бевка; худ. оформ. К. Шалварової _hТекст |
||
| 260 |
_aКиїв _bЕтнос _c2008 |
||
| 300 |
_a384 с. _bІл. _fВ опр. |
||
| 490 | _aФольклор української діаспори | ||
| 520 | _aУ збірнику подано фольклорні твори українського населення Мараморощини (Румунія), зокрема колядки, віншування, побажання – архаїчний та усталений вид народної творчості, яка ще побутує в марамороському етноареалі, де живуть українці. | ||
| 521 | _aДля широкого кола читачів | ||
| 546 | _aукр. | ||
| 650 | _aЛітературно-художнє видання | ||
| 653 |
_aОбрядові традиції. _aКолядки. _aВертеп. |
||
| 655 |
_aФольклор _vДовідник |
||
| 942 |
_2udc _cBK |
||
| 999 |
_c17536 _d17536 |
||